| 000 | 00502nam a22001457a 4500 | ||
|---|---|---|---|
| 020 | _a978-9694964294 | ||
| 082 |
_a927.82 _bHAR |
||
| 245 |
_aLata Mangeshkar Ki Talash Mein / _bBy: Lt Col. Retd. Ghulam Jilani Khan |
||
| 260 |
_aلاہور: _bدوست پبلیکیشنز, _c2012 |
||
| 300 | _a528p.; | ||
| 563 | _aHB | ||
| 880 |
_6100-01\r _aلیفٹیننٹ کرنل (ریٹائرڈ) غلام جیلانی خان |
||
| 880 |
_6245-02\r _aلتا منگیشکر کی تلاش میں |
||
| 942 |
_2ddc _cBK |
||
| 999 |
_c613182 _d613182 |
||